000 00755cam a22002654a 4500
003 UPN
005 20240803063757.0
008 090217s2004 es r 000 f spa d
020 _a8426352219
035 _aUPN01000169374
040 _aUPN
_bspa
_cUPN
049 _aCG
050 4 _aPQ6665 R32
_bP47
100 1 _aOrdaz, Jorge,
_d1946-
_945719
245 1 0 _aPerdido edén.
260 _aZaragoza, España :
_bEdelvives,
_c2004.
300 _a174 páginas
490 0 _aAlandar ;
_v41
650 4 _aNovela española
_910814
650 0 _aAmistad en la literatura
_910763
651 4 _aFilipinas, Islas
_xHistoria
_yInsurrección, 1896-1898
_vNovela juvenil
_945797
905 _aLibro
942 _2lcc
_cLIBRO
999 _c141480
_d141480